| 000 | 02101nam0a2200445 4500 | ||
|---|---|---|---|
| 001 | RU\NLR\bibl\97963 | ||
| 005 | 20250617082517.0 | ||
| 010 |
_a5-7253-0209-1 _95500 |
||
| 020 |
_aRU _b98-38129 _9Книжная летопись |
||
| 021 |
_aRU _b98-31215 _91476 |
||
| 035 | _a(NLR Aleph) 000095766 | ||
| 090 |
_a538910 _c538910 |
||
| 100 | _a20000410d1998 |||y0rusy50 ca | ||
| 101 | 0 | _arus | |
| 102 | _aRU | ||
| 105 | _ay ||||||||| | ||
| 200 | 1 |
_aСоциально-экономические и правовые проблемы Восточно-Сибирского региона на пороге третьего тысячелетия _eМатериалы науч.-практ. конф., состоявшейся 13-17 мая 1998 г. _f[Редкол.: А. А. Протасевич (пред.) и др.] |
|
| 210 |
_aИркутск _cИзд-во Иркут. гос. экон. акад. _d1998 |
||
| 215 |
_a96,[1] с. _d22 |
||
| 300 | _aВ надзаг.: М-во общ. и проф. образования Рос. Федерации, Иркут. гос. экон. акад. | ||
| 606 | 0 |
_aУголовное право _jСъезды, совещания и т.п. _yРоссийская Федерация _92158871 _3RU\NLR\auth\661299404 |
|
| 607 |
_aСибирь Восточная _jСъезды, совещания и т.п. _xНародное хозяйство _9970556 _3RU\NLR\auth\6645128 |
||
| 610 | 0 | _aЭкономика | |
| 610 | 0 | _aУголовное право | |
| 610 | 0 | _aКриминалистика | |
| 610 | 0 | _aСудебная медицина | |
| 675 |
_a[338+340](571.5)(082) _v3 _zrus |
||
| 686 |
_a06.75 _2rugasnti |
||
| 686 |
_a65.9(2Рос) _2rubbk |
||
| 686 | _aУ03(2Р54)74я431 | ||
| 686 | _aХ628.1я431 | ||
| 702 | 1 |
_aПротасевич _gАлександр Алексеевич _4340 |
|
| 801 | 0 |
_aRU _bRKP _c20000410 _gPSBO |
|
| 801 | 1 |
_aRU _bRKP _c20000410 |
|
| 801 | 2 |
_aRU _bNLR _c20000802 _grcr |
|
| 852 |
_aNLR _j98-4/13364 |
||
| 942 | _cBOOK | ||
| 980 | _aNB | ||